000 01453cam a2200373 i 4500
999 _c3846
_d3846
001 b0889530
003 OSt
005 20241111133247.0
008 240624t20192017mnuab c 000 1 eng d
020 _a9781474915014
_q(paperback) :
040 _aUPB/DLC
_beng
_cDLC
_dBDX
_dOCLCF
_dOMN
_dOQX
_dJTH
_dOCLCQ
_dNYP
_dZGR
_dOCL
_dCNCAR
_dOCLCO
_dTAE
_dKH8
_erda
042 _anbic
082 0 _a823.92 BUN
100 1 _aBunzl, Peter,
_eauthor.
245 1 0 _aMoonlocket /
_cPeter Bunzl.
250 _aFirst US edition.
264 1 _aMendota Heights, MN :
_bJolly Fish Press,
_c2019.
264 4 _c©2017.
300 _a379 pages :
_billustrations, map ;
_c21 cm.
336 _atext
_btxt
_2rdacontent.
336 _astill image
_bsti
_2rdacontent.
337 _aunmediated
_bn
_2rdamedia.
338 _avolume
_bnc
_2rdacarrier.
490 1 _aA cogheart adventures ;
_v2.
500 _aOriginally published in the United Kingdom in 2017 by Usborne Publishing.
520 _aFollows Lily, Robert, and Malkin the mechanical fox as they race around steampunk, Victorian London trying to solve a mystery involving the criminal mastermind Jack of Diamonds and a family heirloom.
521 1 _aAges 9 and up.
650 0 _aFriendship
_vJuvenile fiction.
650 0 _aFamilies
_vJuvenile fiction.
650 0 _aCriminals
_vJuvenile fiction.
650 0 _aSteampunk culture
_vJuvenile fiction.
800 1 _aBunzl, Peter.
_tCogheart trilogy ;
_v2.
942 _2ddc
_cFIC